000 00853nam a2200253 i 4500
001 bg
003 KOSZ 005
005 20200630132824.0
008 070620s1969 pl a f f 001 0 pol
015 _aPB 1969/2221
040 _aWA N
_cKOSZ 005/RW
_dKOSZ 005/RW
080 _a551.46
100 1 _aŁomniewski, Kazimierz
_d(1907-1978).
245 1 0 _aOceanografia fizyczna :
_bpodręcznik /
_cKazimierz Łomnicki.
260 _aWarszawa :
_bPaństwowe Wydawnictwo Naukowe,
_c1969.
300 _a354, [2] s. :
_bil. ;
_c25 cm.
380 _aKsiążki.
504 _aBibliogr. s. 329-[339]. Indeks.
650 4 _aOceanologia
655 4 _aPodręcznik
710 2 _aPaństwowe Wydawnictwo Naukowe
_4pbl.
856 _uhttp://koha.tu.koszalin.pl/cgi-bin/koha/opac-detail.pl?biblionumber=11549
_yKatalog online BPK
942 _2UKD
_cKS
999 _c11549
_d11549